| 000 | 00349nam a2200145Ia 4500 | ||
|---|---|---|---|
| 003 | OSt | ||
| 005 | 20240111145054.0 | ||
| 008 | 170524s9999 xx 000 0 und d | ||
| 020 | _a9789381141458 | ||
| 040 | _ciimt university meerut | ||
| 100 | _a Majumdar- C S | ||
| 245 | 0 | _aStatistics for Managers | |
| 260 | _bI K International | ||
| 942 |
_2ddc _c02 |
||
| 999 |
_c8652 _d8652 |
||